Big 4 Sports Cities that Never Won a Championship - Statistics

General Stats
  • This quiz has been taken 184 times
  • The average score is 9 of 14
Answer Stats
Appearances Answer % Correct
2003, 2015 Charlotte
87%
1975, 1990, 1991, 1992, 1993, 1999 Buffalo
79%
1982, 1994, 2011 Vancouver
73%
1984, 1994, 1998 San Diego
70%
None Jacksonville
66%
1997, 1998 Salt Lake City
66%
1999, 2017 Nashville
65%
1995, 2009 Orlando
65%
None Memphis
63%
None Winnipeg
63%
None Columbus
60%
2011 Oklahoma City
58%
2016 San Jose
55%
None Sacramento
47%
No matching quizzes found
Score Distribution
Percent of People with Each Score
Percentile by Number Answered
Your Score History
You have not taken this quiz